La estructura electrónica de los sólidos
Guardado en:
| Autor Principal: | |
|---|---|
| Formato: | Libro |
| Idioma: | Spanish |
| Publicado: |
Washington :
Departamento de Asuntos Científicos, Unión Panamericana, Secretaría General, Organización de los Estados Americanos,
1967.
|
| Series: | Serie de física. Monografia ;
no. 3. |
| Materias: | |
| Etiquetas: |
Agregar Etiqueta
Sin Etiquetas, Sea el primero en etiquetar este registro!
|
| LEADER | 00634cam a2200169ua 4500 | ||
|---|---|---|---|
| 001 | MAT.inmabb006334 | ||
| 008 | 820602s1967####dcua##########000#0#spa## | ||
| 005 | 20110401124016.0 | ||
| 245 | 1 | 3 | |a La estructura electrónica de los sólidos |
| 260 | |a Washington : |b Departamento de Asuntos Científicos, Unión Panamericana, Secretaría General, Organización de los Estados Americanos, |c 1967. | ||
| 300 | |a vii, 70 p. : |b il. ; |c 23 cm. | ||
| 100 | 1 | |a Falicov, Leopoldo Maximo, |d 1933- | |
| 830 | 0 | |a Serie de física. Monografia ; |v no. 3. | |
| 650 | 0 | |a Solids. | |
| 010 | |a 68062327 | ||
| 040 | |a DLC |c CarP |d DLC | ||
| 859 | |i Fi-3 |p OEA-Fi-3 |b BIB. MATEMATICA | ||
